The selected works of Thoreau / (Record no. 13428)

000 -LEADER
fixed length control field 00975cam a2200253 i 4500
001 - CONTROL NUMBER
control field 2206441
005 - DATE AND TIME OF LATEST TRANSACTION
control field 20160811093703.0
008 - FIXED-LENGTH DATA ELEMENTS--GENERAL INFORMATION
fixed length control field 741122r19751937mauc b 001 0 eng
010 ## - LIBRARY OF CONGRESS CONTROL NUMBER
LC control number 74030151
020 ## - INTERNATIONAL STANDARD BOOK NUMBER
International Standard Book Number 0395204305
040 ## - CATALOGING SOURCE
Original cataloging agency DLC
Transcribing agency DLC
Modifying agency DLC
050 00 - LIBRARY OF CONGRESS CALL NUMBER
Classification number PS3042.H3 1975
Item number .H3 1975
100 1# - MAIN ENTRY--PERSONAL NAME
Personal name Thoreau, Henry David,
Dates associated with a name 1817-1862.
240 10 - UNIFORM TITLE
Uniform title <a href="Works.">Works.</a>
Form subheading Selections.
Date of a work 1975
245 14 - TITLE STATEMENT
Title The selected works of Thoreau /
Statement of responsibility, etc. rev. and with a new introd. by Walter Harding.
250 ## - EDITION STATEMENT
Edition statement Cambridge ed.
260 ## - PUBLICATION, DISTRIBUTION, ETC. (IMPRINT)
Place of publication, distribution, etc. Boston :
Name of publisher, distributor, etc. Houghton Mifflin,
Date of publication, distribution, etc. 1975.
300 ## - PHYSICAL DESCRIPTION
Extent xxvii, 851 p. :
Other physical details port. ;
Dimensions 24 cm.
500 ## - GENERAL NOTE
General note Texts from Thoreau in the present edition are those originally published in 1937 in Works, selected and edited by H. S. Canby.
504 ## - BIBLIOGRAPHY, ETC. NOTE
Bibliography, etc Includes bibliographical references and index.
700 1# - ADDED ENTRY--PERSONAL NAME
Personal name Harding, Walter Roy,
Dates associated with a name 1917-
Relator term ed.
906 ## - LOCAL DATA ELEMENT F, LDF (RLIN)
a 7
b cbc
c orignew
d 1
e ocip
f 19
g y-gencatlg
942 ## - ADDED ENTRY ELEMENTS (KOHA)
Source of classification or shelving scheme
Koha item type Hard Covered Materials
Classification part PS3042.H3 1975
Holdings
Withdrawn status Lost status Source of classification or shelving scheme Damaged status Not for loan Home library Current library Date acquired Source of acquisition Total Checkouts Full call number Barcode Date last seen Price effective from Koha item type
          MACHAKOS UNIVERSITY LIBRARY MACHAKOS UNIVERSITY LIBRARY 11/08/2016 Donation (BFA)   PS3042.H3 1975 22948 11/08/2016 11/08/2016 Hard Covered Materials
© Machakos University Library, Along The Highway, Machakos Wote Rd, Machakos, Kenya P.O. Box 136 - 90100 Machakos - Kenya

Tel: ( +254 ) 723 805829 OR Fax : 044-20353 OR Email: library@mksu.ac.ke